000 00839nam a22002417a 4500
001 4956
003 FISKH
005 20241028142852.0
008 241028b cb ||||| |||| 00| 0 eng d
020 _a0822507056
040 _aFISKH
_beng
_cFISKH
_dFISKH
050 _aT48.M3913
082 _a608.7
100 _aMarzell, Ernar S.
245 _aGreat Inventions /
_cby Ernst S. Marzell : illustrated by Erich Holle
250 _aFirst published in the United States 1973
260 _aMinneapolis, Minesota :
_bLerner Publication Company ;
_c1973 .
300 _a32 pages :
_bcolor illustrations ;
_c27 cm .
520 _aDescribes some of the most important inventions in the history of civilization and the men primarily responsible for them.
700 _aHolle, Erich
_eillustrator
942 _2ddc
_cBK
_n0
999 _c4956
_d4956